| 000 | 00348 a2200157 4500 | ||
|---|---|---|---|
| 001 | 47845 | ||
| 020 | _a9788573406597 | ||
| 040 | _cAnchieta - Aquarius | ||
| 100 | _aScott, Nathan Kumar | ||
| 240 | 1 | 0 |
_aA grande corrida _lpor |
| 245 | 1 | 0 | _aA grande corrida |
| 300 | _a31 | ||
| 362 | 0 | _a2014 | |
| 650 | 4 | _aLiteratura infanto-juvenil | |
| 942 | _cBK | ||
| 999 |
_c47845 _d47845 |
||